000 00556nam a22002177a 4500
003 OSt
005 20220107122835.0
008 171221b xxu||||| |||| 00| 0 eng d
020 _a9781681175294
040 _cIIITMK
082 _a006.32 SAD/A
100 _aSadik, Danyal
_913527
245 _aArtificial neural networks
260 _aNew York,
_bScitus Academics,
_c2017.
300 _aviii,314p.
650 _aCOMPUTER SCIENCE
_913528
650 _aNEURAL NETWORK
_913529
650 _aANN
_913530
650 _aDATA MINING
_913531
942 _2ddc
_cBK
999 _c5950
_d5950